<?xml version="1.0" encoding="UTF-8"?>
<record
    xmlns:xsi="http://www.w3.org/2001/XMLSchema-instance"
    xsi:schemaLocation="http://www.loc.gov/MARC21/slim http://www.loc.gov/standards/marcxml/schema/MARC21slim.xsd"
    xmlns="http://www.loc.gov/MARC21/slim">

  <leader>00391nam a22001097a 4500</leader>
  <controlfield tag="005">20250725101908.0</controlfield>
  <controlfield tag="008">250725b        |||||||| |||| 00| 0 eng d</controlfield>
  <datafield tag="050" ind1=" " ind2=" ">
    <subfield code="a">THE KF 27. T37 2016</subfield>
    <subfield code="b">C.1</subfield>
  </datafield>
  <datafield tag="100" ind1=" " ind2=" ">
    <subfield code="a">TARUS, MOSES KIPKOSGEI</subfield>
  </datafield>
  <datafield tag="245" ind1=" " ind2=" ">
    <subfield code="a">AN ASSESSMENT OF THE CAUSES OF UNETHICAL PROCUREMENT PROCESS IN THE POLICE SERVICE</subfield>
    <subfield code="b">A CASE OF MASABA NORTH SUB-COUNTY HEADQUARTERS</subfield>
  </datafield>
  <datafield tag="942" ind1=" " ind2=" ">
    <subfield code="2">lcc</subfield>
    <subfield code="c">REF</subfield>
  </datafield>
  <datafield tag="999" ind1=" " ind2=" ">
    <subfield code="c">215959</subfield>
    <subfield code="d">215959</subfield>
  </datafield>
</record>
